Images : (Record no. 39540)

MARC details
000 -LEADER
fixed length control field 00830nam a22002297a 4500
005 - DATE AND TIME OF LATEST TRANSACTION
control field 20100805153752.0
010 ## - LCCN (DPL NO)
LC control number ENG-98328
020 ## - INTERNATIONAL STANDARD BOOK NUMBER
International Standard Book Number 8173716404
Terms of availability 75.00
020 ## - INTERNATIONAL STANDARD BOOK NUMBER
International Standard Book Number 9788173716409
Terms of availability 75.00
035 ## - SYSTEM CONTROL NUMBER
System control number EN-81861
037 ## - SOURCE OF ACQUISITION
Source of stock number/acquisition DBAD/PUB
082 ## - DEWEY DECIMAL CLASSIFICATION NUMBER
Classification number 888
100 ## - MAIN ENTRY--PERSONAL NAME
Personal name Agarwal, Suresh K.
245 ## - TITLE STATEMENT
Title Images :
Remainder of title a selection of prose, poetry and plays for Rajasthan Technical University /
Statement of responsibility, etc by Suresh K. Agarwal
260 ## - PUBLICATION, DISTRIBUTION, ETC. (IMPRINT)
Place of publication, distribution, etc Hyderabad
Name of publisher, distributor, etc Universities Press
Date of publication, distribution, etc 2008
270 ## - ADDRESS
Address 3-6-747/1/A & 3-6-754/1, HImayatnagar
City Hyderabad
Postal code 500029
300 ## - PHYSICAL DESCRIPTION
Extent iv, 208p.
Dimensions 21cm (pbk)
650 ## - SUBJECT ADDED ENTRY--TOPICAL TERM
Topical term or geographic name as entry element English - miscelleneous writing
700 ## - ADDED ENTRY--PERSONAL NAME
Personal name Raj, Prerna
9 (RLIN) 7130
942 ## - ADDED ENTRY ELEMENTS (KOHA)
Source of classification or shelving scheme Dewey Decimal Classification
Item type Bengali Books
Classification part 888
Call number suffix AGA
Holdings
Withdrawn status Lost status Not for loan Collection code Home library Current library Date acquired Source of acquisition Cost, normal purchase price Full call number Barcode Copy number Cost, replacement price Koha item type
    Not For Loan Non-fiction D.B.Act.Division D.B.Act.Division 05/08/2010 DBAD/PUB 75.00 888 AGA EN-81861 1 75.00 Bengali Books

© Delhi Public Library
Hit Counter
free hit counter